00298 a2200109 450000100060000004000220000610000210002824000520004924500470010136200090014865000310015765118 cAnchieta - Pituba aRodrigo e Valdir10a2ª Avaliação de Inglês, 2º sérielpor10a2ª Avaliação de Inglês, 2º série0 a2018 4aInglês e inglês antigo